Zlepšenie logistických činností vo firme Maplan s.r.o.

Saved in:
Bibliographic Details
Main Author: Frank, Boris (Author)
Other Authors: Součková, Ingrid (Thesis advisor)
Format: Manuscript Book
Language:Slovak
Published: 2023
Subjects:
Online Access:http://is.stuba.sk/zp/portal_zp.pl?podrobnosti=172097
Tags: Add Tag
No Tags, Be the first to tag this record!

MARC

LEADER 00000ntm a22000003a 4500
001 stuzp94991
003 SK-STU
005 20240513073344.3
007 ta
008 150427s2015----xo-----f-mn---000-0-slo-d
040 |a STU  |b slo 
041 0 |a slo 
100 1 |a Frank, Boris  |u 020070  |4 aut  |U SjF Strojnícka fakulta  |T SjF Ústav výrobných systémov, enviromentálnej techniky a manažment kvality  |X 98618  |U J0070  |Y 804  |7 98618 
242 0 1 |a Improvement of logistics activities in the company Maplan s.r.o.  |y eng 
245 1 0 |a Zlepšenie logistických činností vo firme Maplan s.r.o. 
260 |c 2023 
650 4 |a zlepšenie logistických činností  |2 slo 
650 4 |a elastomérové vstrekovacie lisy  |2 slo 
650 4 |a analýza  |2 slo 
650 4 |a improvement of logistics activities  |2 eng 
650 4 |a elastomer injection molding machines  |2 eng 
650 4 |a analysis  |2 eng 
700 1 |a Součková, Ingrid  |u 020070  |k Z1  |4 ths  |U SjF Strojnícka fakulta  |T SjF Ústav výrobných systémov, enviromentálnej techniky a manažment kvality  |X 2364  |U J0070  |Y 804  |7 A000002364 
856 4 |u http://is.stuba.sk/zp/portal_zp.pl?podrobnosti=172097 
996 |b 284J047557  |c J* 3679/DDP  |l JJSK  |s A  |a 24  |w stuzp94991_0001